Textbook of veterinary anatomy (Record no. 16651)
[ view plain ]
| 000 -LEADER | |
|---|---|
| fixed length control field | 00625nam a22002057a 4500 |
| 008 - FIXED-LENGTH DATA ELEMENTS--GENERAL INFORMATION | |
| fixed length control field | 180208b xxu||||| |||| 00| 0 eng d |
| 020 ## - INTERNATIONAL STANDARD BOOK NUMBER | |
| International Standard Book Number | 1416066071 |
| 040 ## - CATALOGING SOURCE | |
| Original cataloging agency | KABU |
| Transcribing agency | KABU |
| Modifying agency | KABU |
| 050 ## - LIBRARY OF CONGRESS CALL NUMBER | |
| Classification number | SF761 |
| Item number | .D93 2010 c. 1 |
| 100 ## - MAIN ENTRY--PERSONAL NAME | |
| Personal name | Dyce, K.M. |
| 245 ## - TITLE STATEMENT | |
| Title | Textbook of veterinary anatomy |
| Statement of responsibility, etc. | K.M. Dyce, W.O. Sack and C.J.G Wensing |
| 250 ## - EDITION STATEMENT | |
| Edition statement | 4th ed. |
| 260 ## - PUBLICATION, DISTRIBUTION, ETC. (IMPRINT) | |
| Place of publication, distribution, etc. | St. Louis, Missouri |
| Name of publisher, distributor, etc. | Saunders |
| Date of publication, distribution, etc. | 2010 |
| 300 ## - PHYSICAL DESCRIPTION | |
| Extent | xiii, 834 p. |
| 650 ## - SUBJECT ADDED ENTRY--TOPICAL TERM | |
| Topical term or geographic name as entry element | Anatomy |
| General subdivision | Veterinary |
| 650 ## - SUBJECT ADDED ENTRY--TOPICAL TERM | |
| Topical term or geographic name as entry element | Animals, Domestic |
| General subdivision | Anatomy and histology |
| 700 ## - ADDED ENTRY--PERSONAL NAME | |
| Personal name | Sack, W.O. |
| 700 ## - ADDED ENTRY--PERSONAL NAME | |
| Personal name | Wensing, C.J.G. |
| 942 ## - ADDED ENTRY ELEMENTS (KOHA) | |
| Source of classification or shelving scheme | Library of Congress Classification |
| Koha item type | General Collection |
| Edition | 4th ed. |
| Classification part | SF761 |
| Withdrawn status | Lost status | Source of classification or shelving scheme | Not for loan | Home library | Current library | Shelving location | Date acquired | Cost, normal purchase price | Total Checkouts | Full call number | Barcode | Date last seen | Copy number | Price effective from | Koha item type |
|---|---|---|---|---|---|---|---|---|---|---|---|---|---|---|---|
| Library of Congress Classification | Kabarak, Main Campus | Kabarak, Main Campus | General Stacks | 08/02/2018 | 12080.00 | SF761 .D93 2010 c. 1 | 024318 | 08/02/2018 | c. 1 | 08/02/2018 | General Collection | ||||
| Library of Congress Classification | Kabarak, Main Campus | Kabarak, Main Campus | General Stacks | 08/02/2018 | 12080.00 | SF761 .D93 2010 c. 2 | 024387 | 08/02/2018 | c. 2 | 08/02/2018 | General Collection |